[Event "GER-ch 76th"]
[Site "Altenkirchen"]
[Date "2005.02.18"]
[Round "1"]
[White "Kritz, Leonid"]
[Black "Pajeken, Wolfgang"]
[Result "1/2-1/2"]
[WhiteElo "2547"]
[BlackElo "2354"]
[Annotator "Postny,E"]
[PlyCount "163"]
[EventDate "2005.02.18"]
[EventType "swiss"]
[EventRounds "9"]
[EventCountry "GER"]
[SourceTitle "CBM 106"]
[Source "ChessBase"]
[SourceDate "2005.06.06"]
[SourceVersion "1"]
[SourceVersionDate "2005.06.06"]
[SourceQuality "1"]

1. e4 e5 2. Nf3 Nc6 3. d4 exd4 4. Nxd4 Nf6 5. Nxc6 bxc6 6. e5 Qe7 7. Qe2 Nd5 8.
c4 Nb6 9. Nc3 a5 {In this line black is trying to get counterplay on the
queenside as soon as possible.} 10. Bd2 {A rare continuation.} Ba6 (10... a4
11. O-O-O Ba6 12. Qe4 {1/2-1/2 Radjabov,T-Adams,M/Tripoli 2004/CBM 102 [Postny,
E] (27)}) 11. Qe4 Qb4 $2 $146 {It looks like black totally overlooked white's
reply. In any case, this queen sacrifice is clearly incorrect.} (11... Qe6 12.
b3 Bb4 13. Bd3 $14 {1/2-1/2 Horvath,A-Kallio,H/Budapest 2002/CBM 089 [Postny,E]
(49)}) (11... g6 {Looks like the most solid continuation for black.} 12. Bd3 (
12. f4 $5) 12... Bg7 13. O-O O-O 14. Rae1 Rfe8 15. Qg4 d5 16. b3 dxc4 17. Bxc4
Nxc4 18. bxc4 h5 19. Qe4 Qc5 $17 {0-1 Parligras,M-Delchev,A/Nova Gorica 2004/
CBM 098 ext (52)}) {[%tqu "En","How can White win material?","","","c3b5",
"This simple tactics yields white a winning material advantage.",5]} 12. Nb5 $1
{[%csl Rb4,Rc7] This simple tactics yields white a winning material advantage.}
cxb5 {This is black's only chance.} (12... Qxb2 13. Nxc7+ Kd8 14. Rb1 Qxa2 (
14... Qxb1+ 15. Qxb1 Kxc7 16. Bxa5 $18) 15. Nxa8 Nxa8 16. Rb8+ Kc7 17. Rxa8 $18
) 13. Bxb4 Bxb4+ 14. Kd1 bxc4 {Black has two light pieces + pawn, which is
obviously insufficient against a queen. Black's only hope is creating threats
against white's uncastled king.} 15. Rc1 $2 {This move appears to be a waste
of an important tempo.} (15. b3 $1 O-O (15... cxb3 16. Bxa6 Rxa6 17. axb3 $18)
16. bxc4 d5 17. cxd5 Nxd5 18. Kc2 $18) 15... O-O {Now, the matters are far
from easy for white.} 16. Bxc4 $6 {White sacrifices the exchange, but solves
the problem of his development. Still, this move is objectively wrong.} (16. a3
Bc5 17. Bxc4 (17. Bd3 g6) 17... Bxc4 18. Rxc4 d5 $1 19. exd6 Nxc4 20. Qxc4 cxd6
$16) (16. b3 $6 d5) (16. f4 d5 17. Qd4 {is probably the best one.}) (16. h4 $5
{[%cal Gh1h3]}) 16... Bxc4 17. Rxc4 d5 $1 {This strong intermediate move was
probably missed by Leonid Kritz. Black's chances for a draw are improving
drastically now.} 18. exd6 Nxc4 19. Qxc4 cxd6 20. Ke2 Rfc8 21. Qd3 a4 {Trying
to prevent from white to organize a passed pawn.} 22. a3 Bc5 23. Rc1 Re8+ 24.
Kf1 Rab8 25. Rc2 Rb3 26. Qd2 g6 27. Rc3 Rb7 28. h4 h5 {Black has a rock-solid
position and is out of weaknesses.} 29. Rf3 Reb8 30. Qd5 Re7 31. Qa2 Bd4 32. b4
axb3 33. Rxb3 Rxb3 34. Qxb3 Bc5 {White got a passed pawn, but it's not enough
for a win. Black has double control over the a7 square, so white won't be able
to promote the pawn. It's very important that black got the perfect c5
stronghold for his bishop.} 35. a4 Re4 36. g3 Rb4 37. Qa2 Bd4 38. f4 (38. a5
Rb2 39. Qd5 Bc5 {is similar to the continuation in the game.}) 38... Rb2 39.
Qd5 Bc5 40. a5 Rb1+ 41. Ke2 Ra1 42. Qa8+ $6 ({A better chance for a win was:} 
42. f5 gxf5 43. Qxf5 Rxa5 44. Qg5+ Kh7 (44... Kf8 $4 45. Qd8+ $18 {[%csl Ra5,
Rf8]}) 45. Qxh5+ Kg7 {and black still has to work hard for a draw.}) 42... Kg7
43. a6 Ra3 44. Qb7 Rxg3 $1 {The safest. Sacrificing the bishop, but reaching a
theoretically drawn position.} 45. a7 Re3+ $1 {The rook must be placed on e6.}
46. Kd2 Bxa7 47. Qxa7 Re6 48. Qd7 Rf6 49. Ke3 Re6+ 50. Kf3 Kg8 51. Qc8+ Kg7 52.
Qc3+ Kh7 53. Qd4 Kg8 54. f5 {The last to break throw, but insufficient.} gxf5
55. Qf4 Kg7 56. Qg5+ Rg6 57. Qxh5 Rh6 58. Qg5+ Rg6 59. Qe7 f4 {Black can
safely sacrifice his both Pf5 and Pd6.} 60. Kxf4 Rf6+ 61. Kg5 Rg6+ 62. Kf5 Re6
63. Qg5+ Rg6 64. Qd8 Re6 65. h5 Re5+ 66. Kg4 Re4+ 67. Kf3 Re6 68. Qg5+ Kh7 69.
Kf4 Rh6 70. Ke4 Re6+ 71. Kd4 d5 72. Kxd5 {This is well-known theoretical draw.}
Rh6 73. Ke4 Re6+ 74. Kf4 Rh6 75. Qe7 Kg7 76. Kg5 Re6 77. Qc7 Rh6 78. Qh2 Kh7
79. Kf5 Kg7 80. Qe5+ Kh7 81. Qb8 Kg7 {[%mdl 256]} 82. Kg5 1/2-1/2

[Event "Governor's Cup"]
[Site "Kramatorsk"]
[Date "2001.10.06"]
[Round "8"]
[White "Baklan, Vladimir"]
[Black "Aleksandrov, Aleksej"]
[Result "1-0"]
[WhiteElo "2599"]
[BlackElo "2646"]
[Annotator "Postny,E"]
[PlyCount "69"]
[EventDate "2001.10.02"]
[EventType "tourn"]
[EventRounds "10"]
[EventCountry "UKR"]
[EventCategory "15"]
[SourceTitle "CBM 086"]
[Source "ChessBase"]
[SourceDate "2002.02.05"]
[SourceVersion "1"]
[SourceVersionDate "2002.02.05"]
[SourceQuality "1"]

1. e4 e5 2. Nf3 Nc6 3. d4 exd4 4. Nxd4 Nf6 5. Nxc6 bxc6 6. e5 Qe7 7. Qe2 Nd5 8.
h4 $5 {Patent of Dutch GM Van der Wiel.} a5 (8... d6 9. c4 Nb6 10. exd6 Qxe2+
11. Bxe2 Bxd6 (11... cxd6) 12. Nc3 Be5 13. c5 Nd5 14. O-O Be6 15. Bf3 O-O 16.
Re1 Bf6 17. Bg5 $14 {1/2-1/2 Van der Wiel,J-Chiburdanidze,M/Lugano 1989/TD (49)
}) (8... f6 9. c4 Ba6 10. Rh3 $6 (10. exf6 $11) 10... fxe5 11. Ra3 Nb4 12. Nc3
Qxh4 13. g3 Qd4 14. Rxa6 Nxa6 15. Bf4 O-O-O 16. Be3 Qd6 17. c5 Nxc5 18. b4 Nd3+
19. Qxd3 Qxd3 20. Bxd3 d5 $17 {1/2-1/2 Van der Wiel,J-Timman,J/Amsterdam 1987/
CBM 03 (71)}) 9. c4 Nb6 10. g3 $6 $146 (10. Nc3 Qe6 11. Bd2 a4 12. Qe4 Ba6 13.
b3 d5 14. exd6 cxd6 15. Be3 Qxe4 16. Nxe4 d5 17. Bxb6 dxe4 18. O-O-O Bb4 19.
Kb2 Be7 20. Bd4 O-O $11 {1/2-1/2 Van der Wiel,J-Wedberg,T/Stockholm 1987/EXT
97 (59)}) 10... a4 11. Bg2 Qe6 12. Nd2 Bb4 13. O-O O-O ({Deserved attention} 
13... Ba6 14. b3 O-O 15. Qe3 f6 $15) 14. Ne4 (14. f4 f6 $15) 14... Ba6 $2 {
Black wants to take the Pc4 without making any consessions, however this move
is a serious waste of time, which allows white to create a serious threats to
black's K.} (14... Qxc4 15. Qh5 Ra5 $1 {A nice defending resourse, suggested
by the imperturbable Fritz.} 16. Bf4 (16. Bh6 Qe6 {parrying the threats.})
16... f6 $17) 15. Qh5 Bxc4 (15... Nxc4 $2 16. Nf6+ $1 gxf6 17. Be4 Rfb8 18.
Qxh7+ Kf8 19. exf6 Qxf6 20. Bh6+ Ke8 21. Bg5 Qxb2 22. Bd5 Ne5 23. Rfe1 Be2 24.
Rab1 $18) (15... g6 $6 16. Qh6 $40) {[%tqu "En","What would you suggest for
white?","","","e4f6","",15]} 16. Nf6+ $1 {[%mdl 128] A kind of intuitive
sacrifice.} (16. Rd1 $2 Be7 $17) 16... gxf6 17. Be4 Rfe8 $2 {[%csl Ye8,Rg8]
This move is just loses by force in quite a trivial fashion. As we will see,
Re8 is an obstacle on black's K way...} (17... Rfb8 $1 {[%cal Yg8f8,Yf8e8,
Ye8d8,Yd8c8,Yc8b7]} 18. Qxh7+ Kf8 19. exf6 ({In case of} 19. Bh6+ $2 Ke7 20.
exf6+ Kd8 {black's K reaches the safe place.}) 19... Qxf6 20. Bh6+ (20. Bg5 Qe5
) 20... Ke8 21. Bg5 ({Stronger is} 21. Rfe1 $1 Bxe1 22. Rxe1 Qe5 23. Bg7 (23.
Re3 Be6 24. Bg6 Qxe3 25. Bxe3 fxg6 26. Bg5 Nd5 $11) 23... Qe6 24. Re3 $1 Ke7
25. Bb1 d6 26. Rxe6+ Bxe6 {In this materially balanced position white has the
initiative.}) 21... Qd6 22. Rfe1 Be6 (22... Bxe1 23. Rxe1 Be6 24. Bg6 Qf8 $8
25. Bxf7+ Qxf7 26. Qh8+ Qf8 27. Qh5+ {with a perpetual check.}) 23. Bg6 Qf8 24.
Bh6 Bxe1 25. Bxf8 Kxf8 26. Qh6+ Ke7 27. Rxe1 fxg6 28. Qg7+ Kd6 29. Qe5+ Ke7 $11
) 18. Qxh7+ Kf8 19. exf6 Qxf6 20. Bh6+ Ke7 21. Bg5 $18 Bxf1 (21... Qxg5 22.
hxg5 Bxf1 23. Rxf1 $18) 22. Bxf6+ Kxf6 23. Qf5+ Ke7 24. Rxf1 {White has
material advantage and a strong initiative as well.} Ra5 25. Qg4 Bd6 26. b3 Kd8
27. Kg2 axb3 28. axb3 Rb5 29. Qf3 f5 {A desperation...} 30. Bxf5 Rf8 31. g4 Nd5
32. Ra1 Ke7 33. Ra4 Rc5 34. Qe2+ Kf7 35. Qd2 1-0

[Event "Corus-B"]
[Site "Wijk aan Zee"]
[Date "2002.01.26"]
[Round "10"]
[White "Van der Wiel, John"]
[Black "Stefanova, Antoaneta"]
[Result "1/2-1/2"]
[WhiteElo "2501"]
[BlackElo "2451"]
[Annotator "Postny,E"]
[PlyCount "101"]
[EventDate "2002.01.15"]
[EventType "tourn"]
[EventRounds "11"]
[EventCountry "NED"]
[EventCategory "11"]
[SourceTitle "CBM 087"]
[Source "ChessBase"]
[SourceDate "2002.03.21"]
[SourceVersion "1"]
[SourceVersionDate "2002.03.21"]
[SourceQuality "1"]

1. e4 e5 2. Nf3 Nc6 3. d4 exd4 4. Nxd4 Bc5 5. Nb3 Bb6 6. a4 a6 7. Nc3 d6 {
Besides black has several options: 7...Nf6, 7...Nge7 or 7...Qf6 and then Nge7.}
8. Nd5 {Also playable 8.Be2 and 8.Bd3.} Ba7 9. Be3 Bxe3 10. Nxe3 Nf6 11. Bd3 {
This position appeares frequently in games of GM Van der Wiel.} Ne5 $5 ({
Usual continuation is:} 11... O-O 12. O-O Re8 {For example see the game Van
der Wiel,TH-Gomez Esteban,JM /Linares zt 1995/CBM 51 [Blatny,P]}) 12. O-O O-O
13. c4 $146 (13. f4 Nfg4 14. Nxg4 Bxg4 15. Qd2 Nxd3 16. cxd3 c5 17. a5 Be6 18.
Qc3 f5 19. e5 Rc8 $11 {1/2-1/2 Van der Wiel,J-Van der Sterren,P/NED 1996/CBM
54 (49)}) 13... Nfg4 14. Nxg4 Bxg4 15. Be2 Bxe2 16. Qxe2 Nc6 $11 17. Qd2 Qf6
18. Rfd1 {A small inaccuracy.} (18. Rfe1) (18. Rad1) 18... Qg6 19. Re1 Ne5 20.
Qe2 $6 {Not the best square for the white Q.} (20. Qc3 $142 $11) 20... f5 21.
Nd4 $5 (21. f4 Nc6 22. exf5 Rxf5 23. Qd2 Raf8 $36) 21... fxe4 (21... f4 $6 22.
Nf3 $11) 22. Qxe4 Qf7 {[%csl Rc4,Rf2]} 23. Qd5 Nxc4 24. Ne6 {From quite a
boring opening variation both sides suddenly came to this interesting position
with many hanging pieces on the board...} Qxf2+ $6 {This attractive move turns
out to be a mistake.} (24... b5 $1 25. Re2 (25. Nxc7 Qxd5 26. Nxd5 Nxb2 27.
axb5 axb5 28. Rab1 Nd3 $17) (25. axb5 axb5 $17 {[%csl Rg1]} 26. Qxa8 Qxf2+ 27.
Kh1 Qxe1+ 28. Rxe1 Rxa8 $17) 25... Rae8 26. axb5 axb5 27. Qxb5 Rxe6 28. Qxc4 d5
29. Qc2 Rxe2 30. Qxe2 c5 $15 {[%csl Gc5,Gd5]}) 25. Kh1 Ne3 $6 (25... Nb6 26.
Qxb7 Rfc8 (26... Rae8 27. Qxa6 {[%csl Yf1]} Rf6 28. Rf1 Qxb2 29. Nxc7 $16 {
[%csl Ga4]}) 27. a5 (27. Nxc7 $2 Rab8 28. Qa7 Qf7) 27... Nd7 $11) 26. Qg5 $8
Nf5 27. Nxf8 Rxf8 {[%mdl 1024]} 28. Qc1 $2 {After a series of enterprising
moves Dutch GM makes an unsound move which allows black to consolidate his
position and get a good game.} ({The right way was:} 28. Rf1 Qc2 (28... Qxb2 $2
29. g4) 29. Rac1 Qe4 30. Qf4 Qd3 (30... Qd5 31. Qf3 $16) 31. Rf3 Qe2 32. Qc4+
Qxc4 33. Rxc4 $16) 28... c6 29. Rf1 Qh4 30. Ra3 d5 $15 31. Raf3 g6 {Black
consolidated his position and has some advantage, however it's very hard (if
possible at all) to convert it into something serious, because any pawn
advance may create weaknesses in black's camp.} 32. b3 (32. Qe1 $5) 32... Re8
33. Qd2 Qe7 34. h3 h5 {White's RR are completely unemployed, this makes
white's position quite an unpleasant.} 35. Qf4 h4 {[%cal Gf5g3]} 36. Qg4 Qg7
37. Rb1 Re4 38. Qg5 Kh7 39. Rxf5 {White lost his patience.But at least some
"life" will come to white's position...} (39. b4 $5 {[%cal Gb4b5]}) 39... gxf5
40. Qxf5+ Qg6 (40... Kh6 41. Rf1 Qe7 $17) 41. Qd7+ Kh6 $2 ({Black could still
return to the above mentioned variation after} 41... Qg7 42. Qf5+ Kh6) 42. Qxb7
Re2 43. Rg1 d4 44. Qxa6 Qe4 (44... d3 $6 45. Qc4) 45. Qc8 {White's Q returns
just in time to produce a perpetual.} d3 46. Qf8+ Kg5 47. Qg8+ (47. Qg7+ Kh5
$11) 47... Kh6 48. Rf1 Re1 49. Qh8+ Kg6 50. Qg8+ Kh6 51. Qh8+ 1/2-1/2

[Event "Budapest FS04 GM-A"]
[Site "Budapest"]
[Date "2002.04.09"]
[Round "8"]
[White "Horvath, Adam"]
[Black "Kallio, Heikki"]
[Result "1/2-1/2"]
[WhiteElo "2464"]
[BlackElo "2502"]
[Annotator "Postny,E"]
[PlyCount "98"]
[EventDate "2002.04.02"]
[EventType "tourn"]
[EventRounds "13"]
[EventCountry "HUN"]
[EventCategory "9"]
[SourceTitle "CBM 089"]
[Source "ChessBase"]
[SourceDate "2002.08.12"]
[SourceVersion "1"]
[SourceVersionDate "2002.08.12"]
[SourceQuality "1"]

1. e4 e5 2. Nf3 Nc6 3. d4 exd4 4. Nxd4 Nf6 5. Nxc6 bxc6 6. e5 Qe7 7. Qe2 Nd5 8.
c4 Nb6 9. Nc3 a5 10. Bd2 {This move appeared very few times in practice.} ({
The main line is} 10. Qe4 {- see the game Ganguly,S-Shetty,R /Goodricke op
2001/CBM 82 [Postny]}) (10. f4 {- see the game Lautier,J-Hebden,M /Clichy 2001/
CBM 85 [Postny]}) ({Several games also saw} 10. b3 {- Murariu,A-Vajda,L /
Ciocaltea mem 2002/CBM 88 [Postny]}) 10... Ba6 (10... a4 11. Qe4 g6 12. Bd3 Bg7
13. O-O O-O 14. Rae1 d5 15. exd6 Qxd6 16. Qf3 $6 (16. Bf4) 16... Bf5 17. Bxf5
Qxd2 $132 {0-1 Chandler,M-Hebden,M/London 2000/CBM 76 (53)}) 11. Qe4 Qe6 $6 {
Black is mixing up several ideas.} (11... g6 $142) 12. b3 Bb4 13. Bd3 {White
can be satisfied with the results of the opening. Black's pieces on the
queenside are restricted and space advantage is on the white side as well.}
O-O-O $146 (13... Qg6 14. Qf3 Qe6 15. O-O O-O 16. a3 Bc5 17. Rae1 f5 18. exf6
Qxf6 19. Qg3 Bd6 20. Qh3 $16 {1/2-1/2 Hamelink,D-Collins,D/Bruges 1999/EXT
2000 (35)}) 14. a3 Be7 15. O-O d6 (15... Bb7 16. Rfe1 c5 17. Qf4 {with big
advantage for white.}) 16. Qf3 {[%cal Gd3f5]} g6 (16... Qxe5 $2 17. Rfe1 Qf6
18. Bf5+ $18) 17. Nd5 $1 {This nice tactical blow keeps white's advantage.}
dxe5 $6 {Black was probably surprised by white's last move. After the move in
the text black's position could hardly be saved.} ({The least of the evils is:
} 17... cxd5 18. cxd5 Bb7 19. dxe6 Bxf3 20. gxf3 dxe5 21. Ba6+ Kb8 22. Bxa5
fxe6 {Black has worse, but playable position.}) 18. Nxe7+ Qxe7 19. Bxa5 f5 20.
Bxb6 (20. Qe3 $5 {playing for the initiative.}) 20... e4 $8 (20... cxb6 $2 21.
Qxc6+) 21. Bxe4 fxe4 22. Qg4+ Kb8 ({In the endgame, that arises after} 22...
Qd7 23. Qxd7+ Rxd7 {black has more chances to survive, then in the game.}) 23.
Be3 Rd3 24. Bg5 (24. Qe2 $142 {with the idea to play Qc2 and then push
queenside pawns. Black can not capture the Pb3:} Rxb3 $2 25. Qc2 {[%csl Ra6,
Rh8] and black can resign.}) 24... Qe5 25. Rae1 Re8 26. Re3 Bc8 27. Qe2 Kb7 28.
Rxd3 $2 {This serious mistake allows black to get back into the game.} (28. Re1
$18) 28... exd3 29. Qd2 Bg4 30. Be3 Be2 {[%csl Gd3,Ge2] Strong passed pawn and
the presense of the opposite colour BB provides black a compensation for the
visible defects of his position.} 31. Qb4+ Kc8 32. Re1 h5 {The purpose of the
kingside pawns pushing is to creat a weakness in white's K camp.} 33. a4 h4 34.
h3 {White must be careful, because his K may fall in trouble before white will
promote his "a" pawn.} (34. a5 $2 h3 35. a6 hxg2 36. a7 Kd7 37. Rxe2 Rh8 $1 {
and suddenly black is winning!} 38. f4 Qh5 39. Rxg2 Qd1+ 40. Kf2 Rh3 {with
mate in a few moves.}) 34... g5 $132 35. a5 g4 36. hxg4 (36. a6 $2 gxh3 37. a7
Kd7) 36... Qe4 37. a6 ({Fritz suggests here} 37. g5 {but for a human being it
looks very risky.} Qg4 38. Kh2 $8 Rxe3 39. fxe3 Qg3+ 40. Kh1 h3 41. Qf8+ Kd7 (
41... Kb7 $2 42. a6+ Ka7 43. Qc5+ Kb8 44. a7+ Kb7 45. Qb4+ $18) 42. Qf5+ Kd8 {
This looks like a draw...}) 37... Qxg4 38. a7 Kd7 39. Rxe2 $1 (39. Kh2 $2 {
is losing to} h3 40. g3 Qf3 41. Rg1 Rxe3) 39... dxe2 $6 (39... Qxe2 40. Qa5 Qg4
41. Qc3 (41. a8=Q $4 Rxa8 42. Qxa8 h3 $19) 41... Rg8 42. Qxd3+ Ke6 {black is
not worse.}) 40. Qd2+ Ke6 41. f3 Qg6 42. Qxe2 {Finally white captured black's
nasty pawn, and black is again in fight for a draw.} Kf7 43. Qd2 Qf5 44. Qd4 (
44. Kh2 $5) 44... h3 45. Qf4 Qxf4 46. Bxf4 Re1+ 47. Kh2 hxg2 48. Kxg2 Ra1 49.
Be3 Ke6 {If the draw was agreed here, I am surprised, because white has still
something to say in this endgame...} 1/2-1/2

[Event "Budapest FS04 GM-A"]
[Site "Budapest"]
[Date "2002.04.07"]
[Round "6"]
[White "Antal, Gergely"]
[Black "Vajda, Levente"]
[Result "0-1"]
[WhiteElo "2457"]
[BlackElo "2539"]
[Annotator "Postny,E"]
[PlyCount "130"]
[EventDate "2002.04.02"]
[EventType "tourn"]
[EventRounds "13"]
[EventCountry "HUN"]
[EventCategory "9"]
[SourceTitle "CBM 089"]
[Source "ChessBase"]
[SourceDate "2002.08.12"]
[SourceVersion "1"]
[SourceVersionDate "2002.08.12"]
[SourceQuality "1"]

1. e4 e5 2. Nf3 Nc6 3. d4 exd4 4. Nxd4 Nf6 5. Nxc6 bxc6 6. e5 Qe7 7. Qe2 Nd5 8.
c4 Nb6 9. Nc3 {Other popular lines: 9.Nd2, 9.b3.} a5 {Besides black has
several alternatives: 9...Qe6, 9...Ba6, 9...Bb7, 9...d5, 9...g6.} 10. Qe4 (10.
b3 {- see the game Murariu,A-Vajda,L /Ciocaltea mem 2002/CBM 88 [Postny]})
10... a4 (10... g6 {- see the game Ganguly,S-Shetty,R/Goodricke op 2001/CBM 82
[Postny]}) 11. f4 (11. Bd3 Ba6 12. Bd2 Qe6 13. b3 g6 14. O-O Bg7 15. Rae1 axb3
16. axb3 O-O 17. Qh4 f5 18. exf6 Qxf6 $11 {1/2-1/2 Parligras,M-Vajda,L/
Bucharest 2001/EXT 2002 (31)}) 11... Ba6 $146 (11... g6 $6 {- see the game
Lautier,J-Hebden,M /Clichy 2001/CBM 85 [Postny]}) ({Also comes into
consideration:} 11... Bb7) 12. Bd2 g6 13. Bd3 Bg7 14. O-O $2 {[%mdl 8192] This
is clear oversight.} ({After possible} 14. O-O-O {the position is very
complicated with chances for both sides.}) {[%tqu "En","Please enter the
strongest move for black.","","","b6c4","Simple tactical strike brings black
full pawn.",5,"a6c4","",0]} 14... Nxc4 $1 {Simple tactical strike brings black
full pawn.} ({Less clear is:} 14... Bxc4 $6 15. Bxc4 Qc5+ 16. Be3 Qxc4 17. Bxb6
Qxe4 18. Nxe4 cxb6 19. Rad1) 15. Bxc4 (15. Rf2 Nb6 $17 (15... Nxb2 $6 16. Bxa6
Rxa6 17. f5 $36)) 15... Qc5+ 16. Be3 Qxc4 17. Rfd1 {If white avoides the
exchange of QQ, black gets strong play on white squares.} a3 $1 {Useful
intermediate move.} 18. Qxc4 Bxc4 19. b3 Be6 {Black is a pawn ahead, but the
realization is far from easy, since the black pawns are restricted.} 20. Ne4
Bf5 $1 {An unpleasant move for white. The Ne4 has no good place to go.} (20...
O-O $6 21. Nc5) 21. Ng3 ({After} 21. Nf6+ $6 Bxf6 22. exf6 d6 {[%cal Ge8d7]
Black's K gets good place in the centre, which is important in the endgame.}) (
21. Nc5 $2 d6 {[%csl Ra1]}) 21... Bg4 22. Re1 O-O 23. Ne4 Bf5 24. Ng3 Be6 25.
Ne4 Bd5 ({Slightly better was} 25... d6 26. Rac1 $6 (26. Nf6+ $142) 26... dxe5
27. fxe5 (27. Rxc6 exf4 28. Bxf4 Bxb3 29. axb3 a2 $19) 27... Bxe5 28. Rxc6 Rfe8
$19) 26. Nf6+ (26. Nc3 f6 $1 27. Nxd5 cxd5 28. Rac1 fxe5 29. Rxc7 d6 $19) 26...
Bxf6 27. exf6 Rfe8 28. Bc5 {[%csl Ra3]} Re6 ({Possible is} 28... d6 {since
there is no good for white to capture the Pa3:} 29. Rxe8+ $2 Rxe8 30. Bxa3 Re2)
29. Rxe6 fxe6 {[%csl Gc6,Gc7,Gd7,Ge6] Black has got now strong pawncentre.} 30.
g4 d6 31. Bd4 Ra5 {From now until the 35th move both sides should move his own
P to g5...It helps white to strenghten the Pf6 and get more control of the
black squares. From the other side it gives black two connected passed pawns
in the centre.} 32. Kf2 (32. g5) 32... Rb5 33. Bc3 Kf7 34. Ke3 c5 35. Rg1 g5 $1
{[%mdl 16] At last...} 36. fxg5 e5 37. h4 c4 38. b4 Be6 {[%csl Rd3][%cal Gb5d5,
Gd5d3]} 39. Rg2 {With the idea to meet 39...Rd5 with 40.Rd2.} Rb8 $6 ({After} 
39... Rd5 40. Rd2 Rxd2 41. Kxd2 c6 $1 $19 {black has a winning endgame. The
plan is: to capture the Pg4, then black plays Bh5, Ke6 followed by d5-d4 etc.}
({but not} 41... Bxg4 $2 42. b5 $1 Bd7 43. Ba5 Bxb5 44. Bxc7 Ke6 45. f7)) 40.
Rg1 Bd7 41. Ke4 $2 (41. Kf3 {White should put his K on f3 or g3 to defend the
Pg4 and the R on the "e" file to put an eye on black's Pe5. This way white
could produce much tougher resistanse.}) 41... Bc6+ 42. Kf5 Re8 43. Re1 (43.
Rg3 Bd7+ 44. Ke4 c6 $19 {[%cal Gd6d5]}) 43... Rb8 $6 (43... Bd7+ 44. Ke4 Bxg4
45. Kd5 {[%csl Gd5][%cal Gd5c4,Gd5c6]} Bd7 46. Kxc4 Be6+ 47. Kb5 Bxa2 48. Kc6
Be6 $19) 44. Re3 $6 {Both players were probably in time-trouble.} (44. Rg1 Re8
{[%cal Gc6d7,Gc7c6]}) 44... Bd7+ 45. Ke4 Bxg4 {After a number of inaccuracies
black captures this pawn.} 46. Kd5 Rb6 $1 $19 {preventing the penetration of
white's K.} 47. Be1 (47. Kxc4 Be6+ 48. Kd3 Bxa2 $19 {[%csl Ga3]}) 47... Be6+
48. Ke4 Ra6 49. Bd2 Ra4 {The R has nothing to do here, but the move itself
gives 30 seconds increment on the clock...Anyway black's win in this position
is just a matter of time.} 50. Bc3 c6 51. Rg3 Ra8 52. h5 Bd5+ 53. Kf5 Be6+ 54.
Ke4 Bd7 {[%cal Ga8e8] White is hopeless against the forthcoming march of
black's central pawns.} 55. Bxe5 {Desperate chance, but insufficient.} (55. Re3
Bg4 $19) 55... dxe5 56. Kxe5 Rg8 57. Kf4 h6 {This move breaks white's last
hopes.} 58. g6+ Kxf6 59. Rxa3 Re8 60. Rc3 Be6 61. Re3 Rd8 62. Rf3 Rd6 {This
move is not bad, but I guess, that there was a mistake in inscription and in
reality black played 62...Rd5. Why? See the next move...} 63. Ke4+ Bf5+ {
That's why 62...Rd5.} 64. Kf4 Rd4+ 65. Kg3 Rd3 0-1